Mot mystérieux - Série 45 - Statistiques

Statistiques générales
  • Ce quiz a été pris 74 fois
  • Le résultat moyen est 5 sur 10
Statistiques - réponses
Indices Mot % Correct
ferrant - empire - bâton - logis maréchal
91%
peau - régime - flambée - plantain banane
86%
ouvrière - majeure - centrifuge - inertie force
76%
vengeance - étancher - justice - idéal soif
61%
pascal - dieu - pré salé - doux agneau
60%
mort - renommée - Jericho - nez trompette
47%
guerre - sioux - vol - renard ruse
44%
démarrage - histoire - manuscrite - tourner page
43%
chef - esprit - accueil - bijoux famille
23%
abri - pot- mer - théâtre fortune
6%
Aucun quiz correspondant
Distribution des résultats
% des personnes avec chaque résultat
Percentile par nombre de réponses
Votre historique - résultats
Vous n’avez pas pris ce quiz